| 000 | 00587nam a2200181 4500 | ||
|---|---|---|---|
| 001 | 110947 | ||
| 003 | ES-MaACL | ||
| 005 | 20230906185216.0 | ||
| 007 | t| | ||
| 008 | 061121s1969 sp r ||||1| spa d | ||
| 100 | 1 |
_aNachtergal, C. _984784 |
|
| 245 | 1 | 0 |
_aEstructuras metálicas _b: cálculos y construcción / _cC. Nachtergal : traductor Sebastián López Camarasa. |
| 250 | _a[1ª ed.]. | ||
| 260 |
_aMadrid [etc.] : _bBlume, _c1969. |
||
| 300 |
_a824 p. 2 gráf. pleg. : _bil ; _c30 cm. |
||
| 700 | 1 |
_aLópez Camarasa, Sebastián. _973482 |
|
| 852 |
_aES-MaACL _jC-37471 _bR.72044 |
||
| 999 |
_c110947 _d110947 |
||